[Event "Mar del Plata International-30 Maderna"]
[Site "Mar del Plata ARG"]
[Date "1976.03.21"]
[Round "12"]
[White "Van Riemsdijk, Herman Claudius"]
[Black "Grinberg, Ricardo"]
[Result "0-1"]
[WhiteElo "2370"]
[BlackElo "2425"]
[PlyCount "54"]
[EventDate "1976.03.08"]

1. e4 c5 2. Nf3 e6 3. d4 cxd4 4. Nxd4 Nf6 5. Nc3 d6 6. Bc4 Be7 7. O-O O-O 8. Bb3 Nc6 9. Be3 a6 10. f4 Nxd4 11. Qxd4 b5 12. a4 Rb8 13. axb5 axb5 14. Rfd1 b4 15. Na4 Ng4 16. Bc1 Qa5 17. h3 e5 18. Qd2 Qa7+ 19. Kh1 Nf2+ 20. Kh2 Nxd1 21. Qxd1 Qf2 22. f5 Ba6 23. Qf3 Qxf3 24. gxf3 Be2 25. Kg3 Ra8 26. Rb1 Rfb8 27. Be3 Bd8 0-1

[Event "Mar del Plata International-30 Maderna"]
[Site "Mar del Plata ARG"]
[Date "1976.03.23"]
[Round "13"]
[White "Brond, Victor"]
[Black "Letelier Martner, Rene"]
[Result "1-0"]
[WhiteElo "2345"]
[BlackElo "2350"]
[PlyCount "75"]
[EventDate "1976.03.08"]

1. d4 Nf6 2. c4 c5 3. d5 e6 4. Nc3 exd5 5. cxd5 d6 6. Nf3 g6 7. Bf4 a6 8. a4 Bg7 9. e4 Nh5 10. Bg5 f6 11. Be3 f5 12. exf5 Bxf5 13. Bd3 Bxd3 14. Qxd3 Nd7 15. Ng5 Qb6 16. O-O O-O 17. Ne6 Ne5 18. Qe2 Qb4 19. a5 Qc4 20. Nxf8 Qxe2 21. Nxe2 Rxf8 22. Bd2 Nd3 23. Bc3 Nhf4 24. Nxf4 Rxf4 25. Bxg7 Kxg7 26. Ra3 Nb4 27. Rd1 Rf5 28. Re3 Kf7 29. Re6 Rf6 30. Rde1 Nxd5 31. Re8 Rf4 32. Rd8 Nf6 33. Rxd6 Rb4 34. Ree6 Nd5 35. Re5 Nf6 36. Rxc5 Rxb2 37. Rc7+ Ke8 38. f3 1-0

[Event "Mar del Plata International-30 Maderna"]
[Site "Mar del Plata ARG"]
[Date "1976.03.23"]
[Round "13"]
[White "Bronstein, Luis Marcos"]
[Black "Cuasnicu, Oscar"]
[Result "1/2-1/2"]
[WhiteElo "2380"]
[BlackElo "2400"]
[PlyCount "48"]
[EventDate "1976.03.08"]

1. e4 e5 2. Nf3 Nc6 3. Bb5 d6 4. d4 Bd7 5. O-O Nf6 6. Nc3 exd4 7. Nxd4 Be7 8. b3 O-O 9. Bb2 Re8 10. Bxc6 bxc6 11. Qf3 Bf8 12. g3 g6 13. Rfe1 c5 14. Ndb5 Bg7 15. a4 a6 16. Na3 Bc6 17. Nc4 Rb8 18. Nd5 Nxd5 19. exd5 Bxb2 20. Nxb2 Bd7 21. Nc4 Qg5 22. Re3 Rxe3 23. Nxe3 Re8 24. Rd1 Bc8 1/2-1/2

[Event "Mar del Plata International-30 Maderna"]
[Site "Mar del Plata ARG"]
[Date "1976.03.23"]
[Round "13"]
[White "Garcia, Raimundo"]
[Black "Rubinetti, Jorge Alberto"]
[Result "1/2-1/2"]
[WhiteElo "2425"]
[BlackElo "2380"]
[PlyCount "27"]
[EventDate "1976.03.08"]

1. d4 d5 2. c4 c6 3. Nf3 Nf6 4. cxd5 cxd5 5. Nc3 e6 6. Bf4 Nc6 7. e3 Be7 8. h3 O-O 9. Bd3 Bd7 10. O-O Qb6 11. a3 Rfc8 12. Qe2 Be8 13. Rad1 Na5 14. Bg5 1/2-1/2

[Event "Mar del Plata International-30 Maderna"]
[Site "Mar del Plata ARG"]
[Date "1976.03.23"]
[Round "13"]
[White "Grinberg, Ricardo"]
[Black "Emma, Jaime"]
[Result "1/2-1/2"]
[WhiteElo "2425"]
[BlackElo "2420"]
[PlyCount "29"]
[EventDate "1976.03.08"]

1. e4 Nc6 2. Nf3 d6 3. d4 Nf6 4. Nc3 Bg4 5. Bb5 a6 6. Bxc6+ bxc6 7. h3 Bxf3 8. Qxf3 e6 9. d5 cxd5 10. exd5 Be7 11. O-O O-O 12. dxe6 fxe6 13. Qe2 e5 14. f4 exf4 15. Bxf4 1/2-1/2

[Event "Mar del Plata International-30 Maderna"]
[Site "Mar del Plata ARG"]
[Date "1976.03.23"]
[Round "13"]
[White "Hase, Juan Carlos"]
[Black "Garcia Palermo, Carlos"]
[Result "0-1"]
[WhiteElo "2430"]
[BlackElo "2370"]
[PlyCount "62"]
[EventDate "1976.03.08"]

1. e4 c6 2. d4 d5 3. exd5 cxd5 4. c4 Nf6 5. Nc3 g6 6. cxd5 Nxd5 7. Bc4 Nb6 8. Bb3 Bg7 9. Nf3 Nc6 10. Be3 O-O 11. d5 Na5 12. Bd4 e5 13. Bc5 Re8 14. O-O e4 15. Ne1 Qh4 16. g3 Qf6 17. Bc2 Bh3 18. Nxe4 Qxb2 19. Rb1 Qxa2 20. Ng2 Nxd5 21. Nd6 Nc3 22. Bb3 Nxb3 23. Qxb3 Qxb3 24. Rxb3 Reb8 25. Nxb7 Be6 26. Rb4 Nd5 27. Rbb1 Bf5 28. Bd6 Bxb1 29. Bxb8 Bd3 30. Rd1 Rxb8 31. Rxd3 Rxb7 0-1

[Event "Mar del Plata International-30 Maderna"]
[Site "Mar del Plata ARG"]
[Date "1976.03.23"]
[Round "13"]
[White "Rocha, Antonio Cavilhas"]
[Black "Trois, Francisco"]
[Result "1/2-1/2"]
[WhiteElo "2315"]
[BlackElo "2310"]
[PlyCount "39"]
[EventDate "1976.03.08"]

1. d4 Nf6 2. Nf3 g6 3. c4 Bg7 4. Nc3 O-O 5. e4 d6 6. Be2 e5 7. dxe5 dxe5 8. Qxd8 Rxd8 9. Bg5 Re8 10. O-O-O h6 11. Bh4 Na6 12. Ne1 Nc5 13. f3 c6 14. Nc2 a5 15. b3 Nfd7 16. Rd2 Bf6 17. Bxf6 Nxf6 18. Rhd1 Kf8 19. Kb2 Be6 20. Bf1 1/2-1/2

[Event "Mar del Plata International-30 Maderna"]
[Site "Mar del Plata ARG"]
[Date "1976.03.23"]
[Round "13"]
[White "Schweber, Samuel"]
[Black "Van Riemsdijk, Herman Claudius"]
[Result "1/2-1/2"]
[WhiteElo "2455"]
[BlackElo "2370"]
[PlyCount "80"]
[EventDate "1976.03.08"]

1. Nf3 Nf6 2. g3 g6 3. Bg2 Bg7 4. O-O O-O 5. d4 c5 6. c3 Qc7 7. Bf4 d6 8. Qc1 Bd7 9. Bh6 cxd4 10. Bxg7 Kxg7 11. cxd4 Qxc1 12. Rxc1 Nc6 13. Nc3 Rfc8 14. e3 Nd8 15. Ne1 Rc7 16. Ne2 Rxc1 17. Rxc1 Rc8 18. Rxc8 Bxc8 19. Nc3 Kf8 20. Nd3 Bd7 21. h3 e6 22. f4 Ne8 23. Kf2 Ke7 24. e4 Nc7 25. Ke3 Nb5 26. Ne2 Nc7 27. Nb4 Nc6 28. Nxc6+ Bxc6 29. Nc3 Nb5 30. Nxb5 Bxb5 31. e5 d5 32. g4 Bc4 33. b3 Bb5 34. h4 h6 35. Bf3 a5 36. g5 h5 37. f5 Be8 38. Kd2 b5 39. b4 a4 40. Ke3 Bc6 1/2-1/2

[Event "Mar del Plata International-30 Maderna"]
[Site "Mar del Plata ARG"]
[Date "1976.03.25"]
[Round "14"]
[White "Cuasnicu, Oscar"]
[Black "Garcia, Raimundo"]
[Result "1/2-1/2"]
[WhiteElo "2400"]
[BlackElo "2425"]
[PlyCount "24"]
[EventDate "1976.03.08"]

1. e4 e5 2. Nf3 Nc6 3. Bb5 a6 4. Ba4 Nf6 5. O-O Be7 6. Re1 b5 7. Bb3 d6 8. c3 O-O 9. h3 Be6 10. d4 Bxb3 11. axb3 exd4 12. cxd4 d5 1/2-1/2

[Event "Mar del Plata International-30 Maderna"]
[Site "Mar del Plata ARG"]
[Date "1976.03.25"]
[Round "14"]
[White "Garcia Palermo, Carlos"]
[Black "Bronstein, Luis Marcos"]
[Result "1/2-1/2"]
[WhiteElo "2370"]
[BlackElo "2380"]
[PlyCount "28"]
[EventDate "1976.03.08"]

1. d4 Nf6 2. Nf3 b6 3. c4 e6 4. e3 Bb7 5. Bd3 c5 6. O-O Be7 7. b3 O-O 8. Bb2 d6 9. Nbd2 Nbd7 10. Qc2 g6 11. Rad1 Qc7 12. Ne4 Nxe4 13. Bxe4 f5 14. Bxb7 Qxb7 1/2-1/2

[Event "Mar del Plata International-30 Maderna"]
[Site "Mar del Plata ARG"]
[Date "1976.03.25"]
[Round "14"]
[White "Letelier Martner, Rene"]
[Black "Hase, Juan Carlos"]
[Result "0-1"]
[WhiteElo "2350"]
[BlackElo "2430"]
[PlyCount "104"]
[EventDate "1976.03.08"]

1. e4 c5 2. Nf3 e6 3. d4 cxd4 4. Nxd4 Nf6 5. Bd3 Nc6 6. Nxc6 bxc6 7. Nd2 d5 8. Qe2 Be7 9. O-O O-O 10. c4 Re8 11. b3 a5 12. Bb2 a4 13. cxd5 exd5 14. e5 Bg4 15. Nf3 Nh5 16. h3 Bd7 17. Qe3 g6 18. b4 a3 19. Bc3 Bf8 20. Rfd1 Ng7 21. Bc2 Bf5 22. Bb3 Rb8 23. Nd4 Qb6 24. Rac1 Bd7 25. Rc2 Ne6 26. Qg3 Bg7 27. Nf3 Nc7 28. h4 Nb5 29. Ba1 Bf5 30. Rcc1 h5 31. Ng5 Nc7 32. Bd4 Qb7 33. Ba4 Nb5 34. Bxb5 Qxb5 35. Qxa3 Qxb4 36. Qxb4 Rxb4 37. Rxc6 Bxe5 38. Bxe5 Rxe5 39. Rc5 Re2 40. Rcxd5 Rxh4 41. Ra5 Rf4 42. f3 Rc4 43. Rxf5 gxf5 44. Nh3 Rxa2 45. Rd5 h4 46. Rxf5 Rc1+ 47. Kh2 Raa1 48. Nf2 Rf1 49. Rf4 Rxf2 50. Rxh4 Raa2 51. Rg4+ Kf8 52. Kg1 Rfc2 0-1

[Event "Mar del Plata International-30 Maderna"]
[Site "Mar del Plata ARG"]
[Date "1976.03.25"]
[Round "14"]
[White "Rubinetti, Jorge Alberto"]
[Black "Rocha, Antonio Cavilhas"]
[Result "1-0"]
[WhiteElo "2380"]
[BlackElo "2315"]
[PlyCount "103"]
[EventDate "1976.03.08"]

1. e4 c5 2. Nf3 d6 3. d4 cxd4 4. Nxd4 Nf6 5. Nc3 Nc6 6. Bg5 e6 7. Qd2 a6 8. O-O-O Bd7 9. f3 Qc7 10. g4 Ne5 11. Be3 Nc4 12. Bxc4 Qxc4 13. Kb1 Qc7 14. h4 O-O-O 15. g5 Ng8 16. Qf2 b5 17. f4 Ne7 18. f5 Nc6 19. Nce2 Ne5 20. Rhg1 Re8 21. Bc1 Kb7 22. Rg3 Ka8 23. b3 Qb7 24. Qg2 Bc8 25. Bb2 Nd7 26. Re3 Nc5 27. Ng3 h6 28. fxe6 fxe6 29. g6 h5 30. Rf1 e5 31. Ndf5 Re6 32. Qe2 Rxg6 33. Nxh5 Re6 34. Nfg3 g6 35. Ref3 Nd7 36. Nf6 Nxf6 37. Rxf6 Rxf6 38. Rxf6 Be7 39. Rxg6 Rxh4 40. Rg8 Kb8 41. Qd1 Rh7 42. Qg4 Rf7 43. Nf5 Rf8 44. Rg7 Bxf5 45. exf5 Qh1+ 46. Bc1 Qh4 47. Qg1 Rxf5 48. Qb6+ Kc8 49. Qxa6+ Kd7 50. Qb7+ Ke6 51. Qc8+ Kf6 52. Rxe7 1-0

[Event "Mar del Plata International-30 Maderna"]
[Site "Mar del Plata ARG"]
[Date "1976.03.25"]
[Round "14"]
[White "Schweber, Samuel"]
[Black "Brond, Victor"]
[Result "1/2-1/2"]
[WhiteElo "2455"]
[BlackElo "2345"]
[PlyCount "81"]
[EventDate "1976.03.08"]

1. Nf3 g6 2. d4 Bg7 3. g3 d6 4. Bg2 Nf6 5. O-O O-O 6. c4 c6 7. Nc3 Bf5 8. Ne1 Qc8 9. e4 Bh3 10. Nd3 Bxg2 11. Kxg2 Nbd7 12. Qb3 e5 13. d5 c5 14. Bg5 a6 15. a4 Rb8 16. a5 Qc7 17. Qc2 Kh8 18. Bd2 Ng8 19. Na4 f5 20. f3 fxe4 21. fxe4 Bh6 22. Bc3 Be3 23. Nf4 Bxf4 24. gxf4 Ngf6 25. Nb6 Kg8 26. Qe2 exf4 27. Rxf4 Nh5 28. Rxf8+ Rxf8 29. Qg4 Nf4+ 30. Kh1 Nxb6 31. axb6 Qe7 32. e5 dxe5 33. Rf1 h5 34. Qg3 Kh7 35. Re1 Rf5 36. Qe3 Qg5 37. Rg1 Qf6 38. Re1 Qg5 39. Rg1 Qf6 40. Re1 Qg5 41. Rg1 1/2-1/2

[Event "Mar del Plata International-30 Maderna"]
[Site "Mar del Plata ARG"]
[Date "1976.03.25"]
[Round "14"]
[White "Trois, Francisco"]
[Black "Sanguineti, Raul"]
[Result "0-1"]
[WhiteElo "2310"]
[BlackElo "2480"]
[PlyCount "76"]
[EventDate "1976.03.08"]

1. e4 e5 2. Nf3 Nc6 3. Bb5 a6 4. Ba4 d6 5. O-O Be7 6. d4 b5 7. Bb3 Nxd4 8. Nxd4 exd4 9. e5 c6 10. a4 Rb8 11. axb5 axb5 12. exd6 Bxd6 13. Qf3 Qc7 14. Re1+ Kf8 15. Bg5 Nh6 16. Bxh6 gxh6 17. Qf6 Rg8 18. Qxh6+ Rg7 19. Re8+ Kxe8 20. Qxg7 Bxh2+ 21. Kh1 Be5 22. Qxh7 f5 23. Qg6+ Kd8 24. Qg8+ Ke7 25. Ra7 Rb7 26. Qf7+ Kd6 27. Qf8+ Qe7 28. Qh6+ Qf6 29. Qxf6+ Bxf6 30. Ra8 Rh7+ 31. Kg1 Bd7 32. Nd2 c5 33. Bg8 Rg7 34. Kf1 Bc6 35. Rf8 Be7 36. Rc8 Bxg2+ 37. Ke2 Kd7 38. Rb8 Bd6 0-1

[Event "Mar del Plata International-30 Maderna"]
[Site "Mar del Plata ARG"]
[Date "1976.03.25"]
[Round "14"]
[White "Van Riemsdijk, Herman Claudius"]
[Black "Emma, Jaime"]
[Result "1-0"]
[WhiteElo "2370"]
[BlackElo "2420"]
[PlyCount "45"]
[EventDate "1976.03.08"]

1. e4 Nc6 2. Nf3 d6 3. d4 Nf6 4. Nc3 Bg4 5. Be2 e6 6. Be3 d5 7. e5 Nd7 8. Ng5 Bxe2 9. Nxe2 Be7 10. f4 h6 11. Nf3 Na5 12. O-O Nc4 13. Bc1 c5 14. b3 Na5 15. f5 exf5 16. Nf4 Nf8 17. dxc5 Bxc5+ 18. Kh1 d4 19. Qd3 Nc6 20. Qxf5 Qd7 21. e6 Nxe6 22. Nxe6 fxe6 23. Qxc5 1-0

[Event "Mar del Plata International-30 Maderna"]
[Site "Mar del Plata ARG"]
[Date "1976.03.26"]
[Round "15"]
[White "Brond, Victor"]
[Black "Van Riemsdijk, Herman Claudius"]
[Result "1-0"]
[WhiteElo "2345"]
[BlackElo "2370"]
[PlyCount "107"]
[EventDate "1976.03.08"]

1. d4 c5 2. d5 Nf6 3. c4 b5 4. cxb5 a6 5. bxa6 Bxa6 6. Nc3 d6 7. Nf3 g6 8. g3 Bg7 9. Bh3 O-O 10. O-O Nbd7 11. Qc2 Qb6 12. Rd1 Qb7 13. Rb1 Nb6 14. e4 Ne8 15. b3 Nc7 16. Bb2 Nb5 17. Nxb5 Bxb5 18. Bxg7 Kxg7 19. Qc3+ Kg8 20. Qd2 Bd7 21. Qh6 f6 22. Bxd7 Qxd7 23. a4 Rfb8 24. Qe3 Qc8 25. Kg2 Nd7 26. h4 Rb4 27. Rbc1 Nf8 28. Nd2 Rab8 29. Rc4 Nd7 30. Rxb4 Rxb4 31. Nc4 Ne5 32. Nxe5 fxe5 33. h5 Qg4 34. f3 Qc8 35. hxg6 hxg6 36. Qh6 Kf7 37. Qh7+ Kf6 38. g4 Qf8 39. Rh1 Qg7 40. g5+ Kf7 41. Qh3 Rb8 42. a5 Qg8 43. a6 Rxb3 44. a7 Rb2+ 45. Kg3 Ra2 46. Rb1 Rxa7 47. Rb8 Qxb8 48. Qh7+ Ke8 49. Qg8+ Kd7 50. Qxb8 Rc7 51. Qg8 c4 52. Qxg6 Rc8 53. Qe6+ Kc7 54. Qxe7+ 1-0

[Event "Mar del Plata International-30 Maderna"]
[Site "Mar del Plata ARG"]
[Date "1976.03.26"]
[Round "15"]
[White "Bronstein, Luis Marcos"]
[Black "Letelier Martner, Rene"]
[Result "1-0"]
[WhiteElo "2380"]
[BlackElo "2350"]
[PlyCount "63"]
[EventDate "1976.03.08"]

1. e4 d6 2. d4 Nf6 3. Nc3 g6 4. f4 c6 5. Nf3 Bg7 6. Bd3 O-O 7. O-O Nbd7 8. Kh1 b5 9. e5 Ne8 10. Be3 Nb6 11. Qe1 b4 12. Ne4 Nd5 13. Bd2 f5 14. Neg5 a5 15. Bc4 h6 16. Nh3 Nec7 17. Qg3 Qe8 18. Rae1 Ne6 19. Nf2 Ra7 20. h4 Kh8 21. Nh3 Qf7 22. c3 bxc3 23. bxc3 Rg8 24. Re2 Bf8 25. Rfe1 Ng7 26. Qf2 Nh5 27. Bd3 Bg7 28. Nfg5 hxg5 29. Nxg5 Qf8 30. g4 Bh6 31. gxh5 Bxg5 32. hxg5 1-0

[Event "Mar del Plata International-30 Maderna"]
[Site "Mar del Plata ARG"]
[Date "1976.03.26"]
[Round "15"]
[White "Garcia, Raimundo"]
[Black "Garcia Palermo, Carlos"]
[Result "1/2-1/2"]
[WhiteElo "2425"]
[BlackElo "2370"]
[PlyCount "144"]
[EventDate "1976.03.08"]

1. c4 Nf6 2. Nc3 g6 3. g3 Bg7 4. Bg2 O-O 5. d4 d6 6. Nf3 c6 7. O-O Bg4 8. h3 Bxf3 9. Bxf3 Nbd7 10. e4 a6 11. a4 e5 12. d5 c5 13. a5 h5 14. Bg5 Qc7 15. h4 Kh7 16. Qd2 Ng8 17. Na4 Bh6 18. Bxh6 Nxh6 19. b4 cxb4 20. Qxb4 Ng8 21. Rfc1 Rfc8 22. Ra3 Ngf6 23. Rac3 Ne8 24. Bg2 Nc5 25. Nb6 Nf6 26. Re1 Rab8 27. Nxc8 Rxc8 28. f3 Rf8 29. Rb1 Qe7 30. Qa3 Rb8 31. Qc1 Ne8 32. Qe3 Qd8 33. Ra3 Nf6 34. Bh3 Kg7 35. Kg2 Ra8 36. Ra2 Qc7 37. Rb4 Qd8 38. Rb6 Qe7 39. Rab2 Rb8 40. Rb1 Qc7 41. Qa3 Rd8 42. Kg1 Re8 43. R6b2 Rd8 44. Re2 Rb8 45. Kh1 Rh8 46. Rbe1 Qe7 47. Qc3 Rb8 48. Rb1 Re8 49. Bg2 Kh7 50. Rf1 Rf8 51. Rfe1 Rb8 52. Rb1 Re8 53. Bh3 Kg7 54. Qa3 Rf8 55. Reb2 Rd8 56. Rb6 Qc7 57. Rd1 Re8 58. Rbb1 Qe7 59. Qb4 Rd8 60. Qb6 Ra8 61. Rd2 Kg8 62. Re2 Kg7 63. Rf1 Kg8 64. Kg2 Kg7 65. Re3 Re8 66. Rf2 Rf8 67. Rfe2 Re8 68. Qb2 Qc7 69. Qa1 Rb8 70. f4 b5 71. axb6 Rxb6 72. fxe5 dxe5 1/2-1/2

[Event "Mar del Plata International-30 Maderna"]
[Site "Mar del Plata ARG"]
[Date "1976.03.26"]
[Round "15"]
[White "Grinberg, Ricardo"]
[Black "Trois, Francisco"]
[Result "1/2-1/2"]
[WhiteElo "2425"]
[BlackElo "2310"]
[PlyCount "157"]
[EventDate "1976.03.08"]

1. e4 g6 2. d4 Bg7 3. Nc3 c6 4. Nf3 d6 5. h3 Nf6 6. Bd3 O-O 7. O-O Nfd7 8. Bg5 h6 9. Be3 e5 10. Qd2 Kh7 11. Rad1 Qe7 12. Rfe1 Nf6 13. Nh2 b5 14. b4 Ng4 15. Nxg4 Bxg4 16. Be2 Bxe2 17. Rxe2 a5 18. a3 axb4 19. axb4 Na6 20. d5 Nxb4 21. dxc6 Nxc6 22. Nxb5 Rfd8 23. c4 Bf8 24. Qc3 Rdc8 25. Red2 Nd4 26. Bxd4 exd4 27. Qxd4 Ra4 28. Qd5 Rc5 29. Qxd6 Raxc4 30. Qxe7 Bxe7 31. Nd4 Re5 32. f3 Bg5 33. Rd3 Rxd4 34. Rxd4 Be3+ 35. Kf1 Bxd4 36. Rxd4 Ra5 37. Ke2 Ra2+ 38. Rd2 Ra3 39. g3 h5 40. h4 Kg7 41. Rd3 Ra2+ 42. Ke3 Kf6 43. Kf4 Re2 44. Rd6+ Kg7 45. Rc6 Re1 46. Rc5 Kf6 47. Rc3 Kg7 48. e5 Kf8 49. Re3 Rg1 50. Rc3 Re1 51. Re3 Rg1 52. Rb3 Re1 53. Rb5 Kg7 54. Rb4 Kf8 55. Re4 Rg1 56. Ra4 Re1 57. Rc4 Re2 58. Re4 Rg2 59. e6 fxe6 60. Rxe6 Kf7 61. Rb6 Kg7 62. g4 hxg4 63. fxg4 Ra2 64. Rb7+ Kf6 65. Rb6+ Kg7 66. Re6 Ra4+ 67. Re4 Ra7 68. Rd4 Rb7 69. Ke5 Re7+ 70. Kd6 Re1 71. Kd5 Rh1 72. g5 Re1 73. Re4 Rd1+ 74. Ke6 Ra1 75. Rd4 Re1+ 76. Kd7 Kf7 77. Kd8 Re8+ 78. Kc7 Re7+ 79. Kd6 1/2-1/2

[Event "Mar del Plata International-30 Maderna"]
[Site "Mar del Plata ARG"]
[Date "1976.03.26"]
[Round "15"]
[White "Rocha, Antonio Cavilhas"]
[Black "Cuasnicu, Oscar"]
[Result "1/2-1/2"]
[WhiteElo "2315"]
[BlackElo "2400"]
[PlyCount "23"]
[EventDate "1976.03.08"]

1. e4 e5 2. Nf3 d6 3. d4 Nd7 4. Bc4 c6 5. a4 Be7 6. dxe5 dxe5 7. O-O Ngf6 8. Nc3 O-O 9. Qe2 a5 10. Nh4 Nc5 11. Nf5 Bxf5 12. exf5 1/2-1/2

[Event "Mar del Plata International-30 Maderna"]
[Site "Mar del Plata ARG"]
[Date "1976.03.26"]
[Round "15"]
[White "Sanguineti, Raul"]
[Black "Rubinetti, Jorge Alberto"]
[Result "1-0"]
[WhiteElo "2480"]
[BlackElo "2380"]
[PlyCount "135"]
[EventDate "1976.03.08"]

1. d4 c5 2. d5 Nf6 3. c4 e6 4. Nc3 exd5 5. cxd5 d6 6. e4 g6 7. Nf3 Bg7 8. Be2 O-O 9. O-O a6 10. a4 Bg4 11. Bf4 Re8 12. Nd2 Bxe2 13. Qxe2 Nh5 14. Be3 Nd7 15. Kh1 Qc7 16. f4 Nhf6 17. Qf3 c4 18. Rae1 Rab8 19. Ba7 Rbc8 20. Bd4 Qb8 21. a5 Qc7 22. Bxf6 Nxf6 23. e5 dxe5 24. fxe5 Rxe5 25. d6 Qxd6 26. Rxe5 Qxe5 27. Qxb7 Qc7 28. Qxa6 Ng4 29. Nf3 Rb8 30. Nd5 Qc5 31. Nb6 Nf2+ 32. Kg1 Ng4+ 33. Kh1 Nf2+ 34. Kg1 Ne4+ 35. Kh1 Qc6 36. Qa7 Rf8 37. Qe7 Bxb2 38. Nd7 Ba3 39. Qxe4 Qxd7 40. Qxc4 Bb2 41. Ng5 Kg7 42. a6 Bf6 43. Nxh7 Kxh7 44. Rxf6 Kg7 45. Rf1 Ra8 46. Ra1 Qd6 47. h3 Ra7 48. Qf1 Qc6 49. Ra5 Qb6 50. Ra4 Qc6 51. Qa1+ f6 52. Ra2 Qb6 53. Qf1 Qe6 54. Ra1 Qc6 55. Qd3 Qb6 56. Ra4 Qc6 57. Ra1 Qe6 58. Qb5 Qd6 59. Qc4 g5 60. Qc8 Qb4 61. Qc6 Qb2 62. Rf1 Rf7 63. Qd6 Qa2 64. Rc1 Qa5 65. Kh2 g4 66. Rc4 gxh3 67. Qg3+ Kf8 68. Rc8+ 1-0